<?xml version="1.0" encoding="UTF-8"?>
<marc:record xmlns:marc="http://www.loc.gov/MARC21/slim">
   <marc:leader>00000nam a2200000 a 4500</marc:leader>
   <marc:datafield ind1="0" ind2="0" tag="245">
      <marc:subfield code="a">Playway</marc:subfield>
   </marc:datafield>
   <marc:datafield ind1="0" ind2="0" tag="245">
      <marc:subfield code="c">Günter Gerngross ; Herbert Puchta</marc:subfield>
   </marc:datafield>
   <marc:datafield ind1=" " ind2="1" tag="264">
      <marc:subfield code="a">Rum/Innsbruck</marc:subfield>
      <marc:subfield code="b">Helbling</marc:subfield>
      <marc:subfield code="c">2010</marc:subfield>
   </marc:datafield>
   <marc:datafield ind1=" " ind2=" " tag="250">
      <marc:subfield code="a">1. Aufl.</marc:subfield>
   </marc:datafield>
   <marc:datafield ind1="1" ind2=" " tag="520">
      <marc:subfield code="a">Angaben aus der Verlagsmeldung

Playway 2 NEU Teacher's Book / von Günter Gerngross, Herbert Puchta

Das Handbuch für LehrerInnen enthält Informationen, Hilfen und Tipps über Aufbau, Konzeption, Werkteile und Einsatzmöglichkeiten des Playway-Materials. Jede Unterrichtssequenz ist übersichtlich und klar strukturiert und enthält detaillierte Kommentare in kompakter Form. Diese werden systematisch ergänzt durch Aussprachetipps und Hinweise. Weiters sind lernpsychologische Grundlagen und Prinzipien des frühen Fremdsprachenlernens enthalten.

A4 Format, vorbereitet für Aktenordner
</marc:subfield>
   </marc:datafield>
   <marc:datafield ind1=" " ind2=" " tag="020">
      <marc:subfield code="a">9783850615457</marc:subfield>
      <marc:subfield code="9">9783850615457</marc:subfield>
   </marc:datafield>
   <marc:datafield ind1=" " ind2=" " tag="041">
      <marc:subfield code="a">ger</marc:subfield>
   </marc:datafield>
   <marc:datafield ind1=" " ind2=" " tag="300">
      <marc:subfield code="a">120 S.</marc:subfield>
   </marc:datafield>
</marc:record>
